100 Greatest Sportspersons (Record no. 12708)

MARC details
000 -LEADER
fixed length control field 00264nam a22000977a 4500
008 - FIXED-LENGTH DATA ELEMENTS--GENERAL INFORMATION
fixed length control field 241128b |||||||| |||| 00| 0 eng d
020 ## - INTERNATIONAL STANDARD BOOK NUMBER
International Standard Book Number 9789353040734
100 ## - MAIN ENTRY--PERSONAL NAME
Personal name Mookherji
9 (RLIN) 7814
245 ## - TITLE STATEMENT
Title 100 Greatest Sportspersons
260 ## - PUBLICATION, DISTRIBUTION, ETC. (IMPRINT)
Place of publication, distribution, etc. New Delhi
Name of publisher, distributor, etc. Rupa Publications
Date of publication, distribution, etc. 2019
Holdings
Withdrawn status Lost status Source of classification or shelving scheme Damaged status Not for loan Home library Current library Shelving location Date acquired Total Checkouts Barcode Date last seen Date last checked out Price effective from Koha item type
    Dewey Decimal Classification     Good Samaritan School Library Good Samaritan School Library Sports & Games 11/28/2024 2 MOO17829 11/28/2025 10/03/2025 11/28/2024 BOOK

Powered by Koha